Zborník Filozofickej fakulty Univerzity Komenského Philologica
| Previous Title: | Sborník Filosofické fakulty University Komenského v Bratislavě |
|---|---|
| Other Authors: | , , , , , , , , , , , , , , , , , , , |
| Format: | Serial |
| Language: | Slovak French Spanish Italian Romanian, Moldovan German Polish Russian Czech Swedish Portuguese English Serbian Ukrainian |
| PhysicalDescription: | zv. tab. 24 cm |
| Published: |
Bratislava
Slovenské pedagogické nakladateľstvo
1957-
Bratislava Univerzita Komenského |
| ISBN: | 8008008008 (brož. : roč. XXXVIII/1988) 8008012757 (brož. : roč. XXXIX/1989) 8008012943 (brož. : roč. XL/1990) 8022306932 (brož. : roč. XLI/1993) 8022308900 (brož. : roč. XLII/1995) 8022308919 (brož. : roč. XLIII/1996) 8022310468 (brož. : roč. XLVI/1997) 8022311103 (brož. : roč. XLVII/1996) 8022312428 (brož. : roč. XLVIII/1997) 8022311049 (brož. : roč. XLV/1997) 802231224X (brož. : roč. XLIX/1998) 8022312258 (brož. : roč. L/1999) 802231496X (brož. : roč. LI/2000) 8022315885 (brož. : roč. LII/2001) 8022316105 (brož. : roč. LIII/2001) 8022316377 (brož. : roč. LIV/2002) 8022316865 (brož. : roč. LV/2002) 8022318132 (brož. : roč. LVI/2003) 8022318086 (brož. : roč. LVII/2003) 8022318396 (brož. : roč. LVIII/2003) 8022320242 (brož. : roč. LIX/2005) 8022320013 (brož. : roč. LX/2004) 9788022325356 (brož. : roč. LXI/2008) 9788022323840 (brož. : roč. LXIII/2007) 9788022324960 (brož. : roč. LXIV/2008) 9788022328944 (brož. : roč. LXV/2010) 9788022328920 (brož. : roč. LXVI/2010) 9788022329675 (brož. : roč. LXVII/2011) 9788022332569 (brož. : roč. LXVIII/2012) 9788022332910 (brož. : roč. LXIX/2012) 9788022335591 (brož. : roč. LXXI/2013) 9788022335621 (brož. : roč. LXXII/2013) 8008005971 (brož. : roč. XXXVII/1987) 9788022338646 (brož. : roč. LXXIII/2014) 9788022323833 (brož. : roč. LXII/2007) 9788022335720 (brož. : roč. LXX/2014) 9788022339193 (brož. : roč. LXXIV/2015) 9788022341837 (brož. : roč. LXXV/2016) 9788022343626 (brož. : roč. LXXVI/2017) 9788022345545 (brož. : roč. LXXV/2016 : 2. dopl. vyd. : 2018) 9788022346399 (brož.: roč. LXXVII/2018) 9788022352185 (brož.: roč. LXXVIII/2021) |
| Subjects: |
MARC
| LEADER | 00000cas a2200000 a 4500 | ||
|---|---|---|---|
| 001 | vtls001472584 | ||
| 003 | SK-MaSNL | ||
| 005 | 20260430134000.0 | ||
| 008 | 040405c19579999xo x| 0 0b0slo | ||
| 015 | |a SNB2005/02-00429 (zv. LIV) |a SNB2005/02-00430 (zv. LV) |a SNB2005/02-00431 (zv. LVI) |a SNB2005/02-00433 (zv. LVIII) |a SNB2007/03-01190 (zv. LVII) |a SNB2007/03-01191 (zv. LIX) |a SNB2007/03-01192 (zv. LX) |a SNB2009/04-01733 (zv. LXI) |a SNB2008/03-01092 (zv. LXII) |a SNB2008/03-01093 (zv. LXIII) |a SNB2009/01-00235 (zv. LXIV) |a SNBB2012/03-01103 (zv. LXV) |a SNB2012/03-01104 (zv. LXVI) |a SNB2013-(roč. LXVIII,LXIX) |a SNB2015-(roč. LXX, LXXI, LXXII, LXXIII) |a SNB2016-(roč. LXXIV) |a SNB2017-(roč. LXXV) |a SNB2018-(roč. LXXVI) |a SNB2019-(roč. LXXV : 2. dopl. vyd.) |a SNB2019-(roč. LXXVII) |a SNB2022-(roč. LXXVIII) | ||
| 015 | |a SNBA1964/01-00202 (roč. 13) |a SNBA1964/01-00203 (roč. 14) |a SNBA1965/03-00733 (roč. 15) |a SNBA1965/12-03192 (roč. 16) |a SNBA1967/07-01155 (roč. 17) |a SNBA1973/03-00579 (roč. 21) |a SNBA1981/10 (roč. 29) |a SNBA1981/10 (roč. 30) |a SNBA1982/04 (roč. 31) |a SNBA1991/05 (roč. 37) |a SNBA1991/05 (roč. 38) |a SNBA1992/11 (roč. 39) |a SNBA1993/03-0935 (roč. ) |a SNBA1996/1103037 (roč. 42) |a SNBA1997/0200491 (roč. 43) |a SNBA1996/1103029 (roč. 44) |a SNBA1999/06-02076 (roč. 45) |a SNBA1998/03-0935 (roč. 46) |a SNBA1997/0701952 (roč. 47) |a SNBA1999/06-02244 (roč. 48) |a SNBA1999/06-02292 (roč. 49) |a SNBA2000/03-00992 (roč. 50) |a SNBA2004/04-01260 (roč. 53) |a SNBA2002/01-00389 (roč. 52) | ||
| 020 | |a 8008008008 (brož. : roč. XXXVIII/1988) | ||
| 020 | |a 8008012757 (brož. : roč. XXXIX/1989) | ||
| 020 | |a 8008012943 (brož. : roč. XL/1990) | ||
| 020 | |a 8022306932 (brož. : roč. XLI/1993) | ||
| 020 | |a 8022308900 (brož. : roč. XLII/1995) | ||
| 020 | |a 8022308919 (brož. : roč. XLIII/1996) | ||
| 020 | |a 8022310468 (brož. : roč. XLVI/1997) | ||
| 020 | |a 8022311103 (brož. : roč. XLVII/1996) | ||
| 020 | |a 8022312428 (brož. : roč. XLVIII/1997) | ||
| 020 | |a 8022311049 (brož. : roč. XLV/1997) | ||
| 020 | |a 802231224X (brož. : roč. XLIX/1998) | ||
| 020 | |a 8022312258 (brož. : roč. L/1999) | ||
| 020 | |a 802231496X (brož. : roč. LI/2000) | ||
| 020 | |a 8022315885 (brož. : roč. LII/2001) | ||
| 020 | |a 8022316105 (brož. : roč. LIII/2001) | ||
| 020 | |a 8022316377 (brož. : roč. LIV/2002) | ||
| 020 | |a 8022316865 (brož. : roč. LV/2002) | ||
| 020 | |a 8022318132 (brož. : roč. LVI/2003) | ||
| 020 | |a 8022318086 (brož. : roč. LVII/2003) | ||
| 020 | |a 8022318396 (brož. : roč. LVIII/2003) | ||
| 020 | |a 8022320242 (brož. : roč. LIX/2005) | ||
| 020 | |a 8022320013 (brož. : roč. LX/2004) | ||
| 020 | |a 9788022325356 (brož. : roč. LXI/2008) | ||
| 020 | |a 9788022323840 (brož. : roč. LXIII/2007) | ||
| 020 | |a 9788022324960 (brož. : roč. LXIV/2008) | ||
| 020 | |a 9788022328944 (brož. : roč. LXV/2010) | ||
| 020 | |a 9788022328920 (brož. : roč. LXVI/2010) | ||
| 020 | |a 9788022329675 (brož. : roč. LXVII/2011) | ||
| 020 | |a 9788022332569 (brož. : roč. LXVIII/2012) | ||
| 020 | |a 9788022332910 (brož. : roč. LXIX/2012) | ||
| 020 | |a 9788022335591 (brož. : roč. LXXI/2013) | ||
| 020 | |a 9788022335621 (brož. : roč. LXXII/2013) | ||
| 020 | |a 8008005971 (brož. : roč. XXXVII/1987) | ||
| 020 | |a 9788022338646 (brož. : roč. LXXIII/2014) | ||
| 020 | |a 9788022323833 (brož. : roč. LXII/2007) | ||
| 020 | |a 9788022335720 (brož. : roč. LXX/2014) | ||
| 020 | |a 9788022339193 (brož. : roč. LXXIV/2015) | ||
| 020 | |a 9788022341837 (brož. : roč. LXXV/2016) | ||
| 020 | |a 9788022343626 (brož. : roč. LXXVI/2017) | ||
| 020 | |a 9788022345545 (brož. : roč. LXXV/2016 : 2. dopl. vyd. : 2018) | ||
| 020 | |a 9788022346399 (brož.: roč. LXXVII/2018) | ||
| 020 | |a 9788022352185 (brož.: roč. LXXVIII/2021) | ||
| 035 | |a SNK000427886 | ||
| 040 | |a SNK |b slo |c SNK |d SAVUK |d SVKBB |e AACR2 | ||
| 041 | 0 | |a slo |a fre |a spa |a ita |a rum |a ger |a pol |a rus |a cze |a swe |a por |a eng |a srp |a ukr |b slo |b rus |b cze |b ita |b fre | |
| 044 | |a xo |c SK | ||
| 072 | 7 | |a 80 |x Filológia |2 konspekt | |
| 080 | |a 80 |2 2011 | ||
| 080 | |a (082) |2 2011 | ||
| 245 | 0 | 0 | |a Zborník Filozofickej fakulty Univerzity Komenského |p Philologica |
| 246 | 1 | 2 | |a Rossica Slovaca III |f roč. XLIV (1995) |
| 246 | 1 | 2 | |a Biblické žalmy a sakrálne texty v prekladateľských, literárnych a kultúrnych súvislostiach |f roč. LII (2001) |
| 246 | 1 | 2 | |a Studia romanistica |f roč. LIV (2001) |f roč. LIV (2002) |f roč. LIX (2005) |f roč. LXII (2007) |f roč. LXIII (2007) |f roč. LXVIII (2012) |
| 246 | 1 | 3 | |a Sborník Filozofickej fakulty Univerzity Komenského. Philologica |
| 246 | 1 | 2 | |a Eighty years of English studies at the Faculty of arts |f roč. LX (2004) |
| 246 | 1 | 0 | |a Philologica |
| 246 | 1 | 2 | |a Tradície a perspektívy rusistiky |f roč. LVII (2003) |
| 246 | 1 | 2 | |a Lingua academica |f roč. LXI (2008) |f roč. LXVI (2010) |f roč. LXIX (2012) |f roč. LXX (2014) |f roč. LXXIV (2015) |f roč. LXXVI (2017) |
| 246 | 1 | 2 | |a Ruská literatúra v súčasnej literárnovednej reflexii |f roč. LXIV (2008) |
| 246 | 1 | 2 | |a Slovo a tvar v štruktúre a v komunikácii |f roč. LXXII (2013) |
| 246 | 1 | 2 | |a Fenomén Ďurovič |f roč. LXXV (2016), (2018) |
| 260 | |a Bratislava |b Slovenské pedagogické nakladateľstvo |c 1957- | ||
| 260 | 3 | |3 1993- |a Bratislava |b Univerzita Komenského | |
| 300 | |a zv. |b tab. |c 24 cm | ||
| 310 | |a Nepravidelne | ||
| 362 | 0 | |a Roč. IX (1957)- | |
| 500 | |a Zodp. red.: XV-XXII (1963-1970), Eugen Pauliny; XXVI (1976), Pavel Ondrus; XXVII (1975), Elemír Terray; XXVIII (1977), Eugen Pauliny; XXIX (1978), Ján Števček; XXX (1979), Jozef Mistrík; XXXI (1980), Alexander Csanda; XXXII-XXXIII (1981-1982) Šimon Ondruš; XXXV (1985), Miroslav Bázlik; XXXVI (1986), Elemír Terray; XXXVII (1987), Pavel Šima; XXXVIII (1988) Juraj Dolník; XXXIX (1989), Rudolf Blezsek; XL (1990) Jozef Bartoš; XLI (1993), Pavol Žigo; XLII (1995), Gerhard Baláž; XLIII (1996) Jozef Bartoš; XLIV (1995), Gerhard Baláž; XLV (1997) Pavol Žigo; XLVI (1997), Martin R. Ward; XLVII-XLVIII (1996-1997), Dagmar Košťálová ; XLIX (1998) Pavol Žigo; L (1999), Jana Páleníková; LI (2000) Valér Mikula; XXLIV (2002), Jana Páleníková ; LV (2002), František Hruška ; LVI (2003), Pavol Žigo ; LVIII (2003), Margita Gáborová ; LIX (2005), Jana Páleníková ; LX (2004), Alojz Keníž; LXII (2007), Jana Truhlářová ; LXIII (2007), Jana Páleníková, Ján Taraba ; LXVII (2011), LXXI (2013) Mária Dobríková ; LXX (2014) Svatava Šimková ; LXXII (2013) Pavol Žigo ; LXXIII (2014) Mária Dobríková, Miloslav Vojtech ; LXXVII (2018) Saša Vojtechová Poklač | ||
| 500 | |a Niektoré ročníky obsahujú bližšie uvedenú problematiku | ||
| 500 | |a Zost.: LI (2000) Valér Mikula; LI (2000), LII (2001), LVII (2003), LXIV (2008), Oľga Kovačičová ; LIII (2002) Marta Pančíková ;LXI (2008), LXV (2010), Mária Huttová ; LXVI (2010), Svatava Šimková ; LXVIII (2012), Eva Palkovičová, Paulína Šišmišová ; LXIX (2012), LXX (2014), LXXIV (2015), Svatava Šimková ; LXXVI (2017), Věra Eliašová | ||
| 500 | |a Editori: LXXV (2016), Slavomír Ondrejovič, Júlia Behýlová ; LXXVIII (2021), Mária Dobríková | ||
| 504 | |a Bibliogr. odkazy ; pozn. | ||
| 515 | |a Roč. LXI vyšiel až v roku 2008 | ||
| 515 | |a Roč. LXX vyšiel v roku 2014 | ||
| 515 | |a Roč. LXXV vyšiel aj v roku 2018 ako druhé doplnené vydanie | ||
| 546 | |a Text rum., franc., špan., tal., slov., nem., poľ., rus., čes., švéd., port., angl., srbský, ukrajinský ; res. slov., rus., čes., tal. alebo franc. | ||
| 650 | 0 | 7 | |a filológia |2 SNKPH |9 861 |
| 650 | 0 | 7 | |a Philology |2 SNKPHeng |9 265714 |
| 655 | 7 | |a zborníky |2 SNKPH |9 70165 | |
| 655 | 7 | |a Papers of several authors |2 SNKPHeng |9 153738 | |
| 700 | 1 | |a Páleníková, Jana, |d 1954- |4 lso | |
| 700 | 1 | |a Gáborová, Margita, |d 1952- |4 lso |9 103680 | |
| 700 | 1 | |a Keníž, Alojz, |d 1952- |4 lso |9 92268 | |
| 700 | 1 | |a Kovačičová, Oľga, |d 1943- |4 com |9 105907 | |
| 700 | 1 | |a Truhlářová, Jana, |d 1963- |4 lso |9 85518 | |
| 700 | 1 | |a Taraba, Ján, |d 1948- |4 lso |9 114465 | |
| 700 | 1 | |a Šimková, Svatava, |d 1951- |4 com |4 lso |9 193944 | |
| 700 | 1 | |a Huttová, Mária, |d 1952- |4 com |9 203068 | |
| 700 | 1 | |a Pauliny, Eugen, |d 1912-1983 |4 pbd |4 lso |9 101485 | |
| 700 | 1 | |a Dobríková, Mária, |d 1957- |4 lso |9 104522 | |
| 700 | 1 | |a Palkovičová, Eva, |d 1958- |4 com |9 110924 | |
| 700 | 1 | |a Šišmišová, Paulína, |d 1953- |4 com |9 26877 | |
| 700 | 1 | |a Mistrík, Jozef, |d 1921-2000 |4 pbd |9 108177 | |
| 700 | 1 | |a Csanda, Alexander, |d 1927-1989 |4 pbd |9 188593 | |
| 700 | 1 | |a Šima, Ondruš |4 pbd |9 268326 | |
| 700 | 1 | |a Bázlik, Miroslav, |d 1946-2020 |4 pbd |9 226279 | |
| 700 | 1 | |a Terray, Elemír, |d 1922-1998 |4 pbd |9 10088 | |
| 700 | 1 | |a Šima, Pavel, |d 1931-2023 |4 pbd |9 104724 | |
| 700 | 1 | |a Dolník, Juraj, |d 1942- |4 pbd |9 232465 | |
| 700 | 1 | |a Blezsek, Rudolf |4 pbd |9 268327 | |
| 700 | 1 | |a Bartoš, Jozef |4 pbd |9 268328 | |
| 700 | 1 | |a Žigo, Pavol, |d 1953- |4 pbd |4 lso |9 215820 | |
| 700 | 1 | |a Baláž, Gerhard, |d 1930- |4 pbd |9 36885 | |
| 700 | 1 | |a Vojtech, Miloslav, |d 1973- |4 lso |9 201588 | |
| 700 | 1 | |a Ondrejovič, Slavomír, |d 1946- |4 edt |9 92874 | |
| 700 | 1 | |a Behýlová, Júlia |4 edt |9 268329 | |
| 700 | 1 | |a Eliášová, Věra, |d 1953- |4 com |9 202796 | |
| 700 | 1 | |a Vojtechová Poklač, Saša |4 lso |9 268330 | |
| 780 | 0 | 0 | |t Sborník Filosofické fakulty University Komenského v Bratislavě |w vtls010091902 |
| 852 | |a Štátna vedecká knižnica v Banskej Bystrici | ||
| 910 | |a snk | ||
| 910 | |a savuk | ||
| 910 | |a kuruk | ||
| 916 | |a 1957-1966, 1968-1970, 1975-1982, 1985-1990, 1993, 1995-2005, 2007-2008, 2010-2014, 2015-2018 | ||
| 919 | |a 80-08-00597-1 | ||
| 919 | |a 80-08-00800-8 | ||
| 919 | |a 80-08-01275-7 | ||
| 919 | |a 80-08-01294-3 | ||
| 919 | |a 80-223-0693-2 | ||
| 919 | |a 80-223-0890-0 | ||
| 919 | |a 80-223-0891-9 | ||
| 919 | |a 80-223-1046-8 | ||
| 919 | |a 80-223-1110-3 | ||
| 919 | |a 80-223-1242-8 | ||
| 919 | |a 80-223-1104-9 | ||
| 919 | |a 80-223-1224-X | ||
| 919 | |a 80-223-1225-8 | ||
| 919 | |a 80-223-1496-X | ||
| 919 | |a 80-223-1588-5 | ||
| 919 | |a 80-223-1610-5 | ||
| 919 | |a 80-223-1637-7 | ||
| 919 | |a 80-223-1686-5 | ||
| 919 | |a 80-223-1813-2 | ||
| 919 | |a 80-223-1808-6 | ||
| 919 | |a 80-223-1839-6 | ||
| 919 | |a 80-223-2024-2 | ||
| 919 | |a 80-223-2001-3 | ||
| 919 | |a 978-80-223-2535-6 | ||
| 919 | |a 978-80-223-2383-3 | ||
| 919 | |a 978-80-223-2384-0 | ||
| 919 | |a 978-80-223-2496-0 | ||
| 919 | |a 978-80-223-2894-4 | ||
| 919 | |a 978-80-223-2892-0 | ||
| 919 | |a 978-80-223-2967-5 | ||
| 919 | |a 978-80-223-3256-9 | ||
| 919 | |a 978-80-223-3291-0 | ||
| 919 | |a 978-80-223-3559-1 | ||
| 919 | |a 978-80-223-3562-1 | ||
| 919 | |a 978-80-223-3572-0 | ||
| 919 | |a 978-80-223-3864-6 | ||
| 919 | |a 978-80-223-3919-3 | ||
| 919 | |a 978-80-223-4183-7 | ||
| 919 | |a 978-80-223-4362-6 | ||
| 919 | |a 978-80-223-4554-5 | ||
| 919 | |a 978-80-223-4639-9 | ||
| 919 | |a 978-80-223-5218-5 | ||
| 958 | |a NB | ||
| 999 | |c 4900 |d 6830 | ||
| 952 | |a SNK |b SNK |y NEVYP |7 0 |o snkC 674 |i snk1257/970319 |0 0 |1 0 |4 0 |d 1997-03-17 |l 0 |r 2005-01-02 00:00:00 |w 2026-02-21 | ||
| 952 | |a SNK |b SNK |y PREZ |7 0 |p 17A0075630 |o snkČSC 1044/47/1996 |i snkKSP 2878/97 |8 0 |f 1 |0 0 |1 0 |4 0 |d 1997-03-17 |l 0 |r 2005-01-02 00:00:00 |w 2026-02-21 | ||
| 952 | |a SNK |b SNK |y PREZ |7 0 |p 17A0055365 |o snkČSC 1044/47/1996 D1 |i snkKSP 2879/97 |8 0 |0 0 |1 0 |4 0 |d 1997-03-17 |l 0 |r 2005-01-02 00:00:00 |w 2026-02-21 | ||
| 952 | |a SNK |b SNK |y PREZ |7 0 |p 17A0609573 |o snkČSC 1044/61/2008 |i snk2009/16487 |8 0 |z Variantný názov: Lingua academica |f 1 |0 0 |1 0 |4 0 |d 2009-09-11 |l 0 |r 2026-02-21 19:31:17 |w 2026-02-21 | ||
| 952 | |a SNK |b SNK |y PREZ |7 0 |p 17A0609770 |o snkČSC 1044/61/2008 D1 |i snk2009/16488 |8 0 |z Variantný názov: Lingua academica |0 0 |1 0 |4 0 |d 2009-09-11 |l 0 |r 2026-02-21 19:31:17 |w 2026-02-21 | ||
| 952 | |a SNK |b SNK |y PREZ |7 0 |p 17A0423538 |o snkČSC 1044/37/1987 D1 |i snkKSP 3450/91 |0 0 |1 0 |4 0 |d 2004-03-24 |l 0 |r 2004-12-31 00:00:00 |w 2026-02-21 | ||
| 952 | |a SNK |b SNK |y PREZ |7 0 |p 17A0366418 |o snkČSC 1044/38/1988 D1 |0 0 |1 0 |4 0 |d 2002-11-30 |l 0 |r 2004-12-31 00:00:00 |w 2026-02-21 | ||
| 952 | |a SNK |b SNK |y PREZ |7 0 |p 17A0164637 |o snkČSC 1044/40/1990 D1 |0 0 |1 0 |4 0 |d 1998-10-13 |l 0 |r 2004-12-31 00:00:00 |w 2026-02-21 | ||
| 952 | |a SNK |b SNK |y PREZ |7 0 |p 17A0228314 |o snkČSC 1044/50/1999 |i snkKSP 1851/2000 |f 1 |0 0 |1 0 |4 0 |d 2000-02-10 |l 0 |r 2005-01-02 00:00:00 |w 2026-02-21 | ||
| 952 | |a SNK |b SNK |y PREZ |7 0 |p 17A0228315 |o snkČSC 1044/50/1999 D1 |i snkKSP 1852/2000 |0 0 |1 0 |4 0 |d 2000-02-10 |l 0 |r 2005-01-02 00:00:00 |w 2026-02-21 | ||
| 952 | |a SNK |b SNK |y PREZ |7 0 |p 17A0427562 |o snkČSC 1044/21/1969 D1 |i snkKSP 1869/73 |0 0 |1 0 |4 0 |d 2004-05-03 |l 0 |r 2005-01-02 00:00:00 |w 2026-02-21 | ||
| 952 | |a SNK |b SNK |y PREZ |7 0 |p 17A0655789 |o snkČSC 1044/10/1958 D1 |i snkK 255/78 |8 3 |0 0 |1 0 |4 0 |d 2010-04-14 |l 0 |r 2026-02-21 19:42:58 |w 2026-02-21 | ||
| 952 | |a SNK |b SNK |y PREZ |7 0 |p 17A0692418 |o snkČSC 1044/33/1982 D1 |i snkKSP 2233/86 |0 0 |1 0 |4 0 |d 2011-03-24 |l 0 |r 2026-02-21 19:56:54 |w 2026-02-21 | ||
| 952 | |a SNK |b SNK |y PREZ |7 0 |p 17A1464408 |o snkČSC 1044/78/2021 |i snk2022/16646 |8 0 |0 0 |1 0 |4 0 |d 2022-11-03 |l 0 |r 2026-02-21 20:01:28 |w 2026-02-21 | ||
| 952 | |a SNK |b SNK |y PREZ |7 0 |p 17A0320900 |o snkČSC 1044/52/2001 D1 |i snkKSP 12592/2001 |z Variantný názov: Biblické žalmy a sakrálne texty v prekladateľských, literárnych a kultúrnych súvislostiach |0 0 |1 0 |4 0 |d 2001-11-07 |l 0 |r 2005-01-02 00:00:00 |w 2026-02-21 | ||
| 952 | |a SNK |b SNK |y PREZ |7 0 |p 17A0185680 |o snkČSC 1044/45/1997 D1 |i snkKSP 2762/99 |0 0 |1 0 |4 0 |d 1999-03-15 |l 0 |r 2005-01-02 00:00:00 |w 2026-02-21 | ||
| 952 | |a SNK |b SNK |y PREZ |7 0 |p 17A0311214 |o snkČSC 1044/17/1965 |i snkKSP 4744/67 |f 1 |0 0 |1 0 |4 0 |d 2001-08-16 |l 0 |r 2005-01-02 00:00:00 |w 2026-02-21 | ||
| 952 | |a SNK |b SNK |y PREZ |7 0 |p 17A0477243 |o snkČSC 1044/59/2005 D1 |i snk2005/13023 |8 0 |z Variantný názov: Studia romanistica |0 0 |1 0 |4 0 |d 2005-07-25 |l 0 |r 2026-02-21 20:15:13 |w 2026-02-21 | ||
| 952 | |a SNK |b SNK |y PREZ |7 0 |p 17A0116790 |o snkČSC 1044/46/1997 D1 |i snkKSP 515/98 |0 0 |1 0 |4 0 |d 1998-01-20 |l 0 |r 2005-01-02 00:00:00 |w 2026-02-21 | ||
| 952 | |a SNK |b SNK |y PREZ |7 0 |p 17A0311207 |o snkČSC 1044/26/1976 |i snkKSP 6905/77 |f 1 |0 0 |1 0 |4 0 |d 2001-08-16 |l 0 |r 2005-01-02 00:00:00 |w 2026-02-21 | ||
| 952 | |a SNK |b SNK |y PREZ |7 0 |p 17A0433985 |o snkČSC 1044/39/1989 |i snkKSP 8350/92 |f 1 |0 0 |1 0 |4 0 |d 2004-07-02 |l 0 |r 2004-12-31 00:00:00 |w 2026-02-21 | ||
| 952 | |a SNK |b SNK |y PREZ |7 0 |p 17A0086142 |o snkČSC 1044/41/1993 D1 |0 0 |1 0 |4 0 |d 1997-07-24 |l 0 |r 2004-12-31 00:00:00 |w 2026-02-21 | ||
| 952 | |a SNK |b SNK |y PREZ |7 0 |p 17A0157021 |o snkČSC 1044/41/1993 |i snkKSP 8822/93 |f 1 |0 0 |1 0 |4 0 |d 1998-09-02 |l 0 |r 2004-12-31 00:00:00 |w 2026-02-21 | ||
| 952 | |a SNK |b SNK |y PREZ |7 0 |p 17A0594771 |o snkČSC 1044/28/1977 D1 |i snkKSP 11063/81 |3 rekatalogizácia |0 0 |1 0 |4 0 |d 2008-08-06 |l 0 |r 2026-02-21 20:28:47 |w 2026-02-21 | ||
| 952 | |a SNK |b SNK |y PREZ |7 0 |p 17A0692498 |o snkČSC 1044/39/1989 D1 |i snkKSP 8351/92 |0 0 |1 0 |4 0 |d 2011-03-24 |l 0 |r 2026-02-21 20:29:18 |w 2026-02-21 | ||
| 952 | |a SNK |b SNK |y PREZ |7 0 |p 17A7633679 |o snkČSC 1044/18/1966 D1 |i snkKSP 1133/69 |0 0 |1 0 |4 0 |d 2012-04-25 |l 0 |r 2026-02-21 20:30:08 |w 2026-02-21 | ||
| 952 | |a SNK |b SNK |y PREZ |7 0 |p 17A0166167 |o snkČSC 1044/35/1985 D1 |i snkKSP 8429/2002 |0 0 |1 0 |4 0 |d 1998-10-19 |l 0 |r 2004-12-31 00:00:00 |w 2026-02-21 | ||
| 952 | |a SNK |b SNK |y PREZ |7 0 |p 17A0347496 |o snkČSC 1044/35/1985 D2 |i snkKSP 7298/2002 |0 0 |1 0 |4 0 |d 2002-05-21 |l 0 |r 2004-12-31 00:00:00 |w 2026-02-21 | ||
| 952 | |a SNK |b SNK |y PREZ |7 0 |p 17A1095137 |o snkČSC 1044/35/1985 |i snkKSP 8428/89 |f 1 |0 0 |1 0 |4 0 |d 1997-11-25 |l 0 |r 2004-12-31 00:00:00 |w 2026-02-21 | ||
| 952 | |a SNK |b SNK |y PREZ |7 0 |p 17A0265928 |o snkČSC 1044/31/1980 D1 |0 0 |1 0 |4 0 |d 2001-01-29 |l 0 |r 2004-12-31 00:00:00 |w 2026-02-21 | ||
| 952 | |a SNK |b SNK |y PREZ |7 0 |p 17A0136682 |o snkČSC 1044/30/1979 |i snkKSP 8875/81 |f 1 |0 0 |1 0 |4 0 |d 1998-04-23 |l 0 |r 2004-12-31 00:00:00 |w 2026-02-21 | ||
| 952 | |a SNK |b SNK |y PREZ |7 0 |p 17A0207869 |o snkČSC 1044/29/1978 |i snkKSP 8129/81 |f 1 |0 0 |1 0 |4 0 |d 1999-08-24 |l 0 |r 2004-12-31 00:00:00 |w 2026-02-21 | ||
| 952 | |a SNK |b SNK |y PREZ |7 0 |p 17A0311212 |o snkČSC 1044/27/1975 |i snkKSP 6703/79 |f 1 |0 0 |1 0 |4 0 |d 2001-08-16 |l 0 |r 2004-12-31 00:00:00 |w 2026-02-21 | ||
| 952 | |a SNK |b SNK |y PREZ |7 0 |p 17A0582917 |o snkČSC 1044/63/2007 |i snk2008/10572 |8 0 |z Variantný názov: Studia romanistica |f 1 |0 0 |1 0 |4 0 |d 2008-05-15 |l 0 |r 2026-02-21 20:36:13 |w 2026-02-21 | ||
| 952 | |a SNK |b SNK |y PREZ |7 0 |p 17A0866754 |o snkČSC 1044/68/2012 |i snk2013/11278 |8 0 |z Variantný názov: Studia romanistica |f 1 |0 0 |1 0 |4 0 |d 2013-05-20 |l 0 |r 2026-02-21 20:41:09 |w 2026-02-21 | ||
| 952 | |a SNK |b SNK |y PREZ |7 0 |p 17A0866755 |o snkČSC 1044/68/2012 D1 |i snk2013/11279 |8 0 |z Variantný názov: Studia romanistica |0 0 |1 0 |4 0 |d 2013-05-20 |l 0 |r 2026-02-21 20:41:09 |w 2026-02-21 | ||
| 952 | |a SNK |b SNK |y PREZ |7 0 |p 17A0859224 |o snkČSC 1044/67/2011 |i snk2014/6846 |8 0 |f 1 |0 0 |1 0 |4 0 |d 2014-03-17 |l 0 |r 2026-02-21 20:41:54 |w 2026-02-21 | ||
| 952 | |a SNK |b SNK |y PREZ |7 0 |p 17A0859225 |o snkČSC 1044/67/2011 D1 |i snk2014/6851 |8 0 |0 0 |1 0 |4 0 |d 2014-03-17 |l 0 |r 2026-02-21 20:41:54 |w 2026-02-21 | ||
| 952 | |a SNK |b SNK |y PREZ |7 0 |p 17A0813371 |o snkČSC 1044/28/1977 |i snkKSP 11062/81 |f 1 |0 0 |1 0 |4 0 |d 2014-03-18 |l 0 |r 2026-02-21 20:42:13 |w 2026-02-21 | ||
| 952 | |a SNK |b SNK |y PREZ |7 0 |p 17A0813372 |o snkČSC 1044/31/1980 |i snkKSP 810/82 |f 1 |0 0 |1 0 |4 0 |d 2014-03-18 |l 0 |r 2026-02-21 20:42:13 |w 2026-02-21 | ||
| 952 | |a SNK |b SNK |y PREZ |7 0 |p 17A0813505 |o snkČSC 1044/36/1986 |i snkKSP 9153/88 |f 1 |0 0 |1 0 |4 0 |d 2014-03-18 |l 0 |r 2026-02-21 20:42:13 |w 2026-02-21 | ||
| 952 | |a SNK |b SNK |y PREZ |7 0 |p 17A0813506 |o snkČSC 1044/37/1987 |i snkKSP 3449/91 |f 1 |0 0 |1 0 |4 0 |d 2014-03-18 |l 0 |r 2026-02-21 20:42:13 |w 2026-02-21 | ||
| 952 | |a SNK |b SNK |y PREZ |7 0 |p 17A0813504 |o snkČSC 1044/40/1990 |i snkKSP 7099/91 |f 1 |0 0 |1 0 |4 0 |d 2014-03-18 |l 0 |r 2026-02-21 20:42:13 |w 2026-02-21 | ||
| 952 | |a SNK |b SNK |y PREZ |7 0 |p 17A0257235 |o snkČSC 1044/32/1981 D1 |0 0 |1 0 |4 0 |d 2000-11-16 |l 0 |r 2004-12-31 00:00:00 |w 2026-02-21 | ||
| 952 | |a SNK |b SNK |y PREZ |7 0 |p 17A0373562 |o snkČSC 1044/32/1981 |i snkKSP 1454/84 |f 1 |0 0 |1 0 |4 0 |d 2003-02-12 |l 0 |r 2004-12-31 00:00:00 |w 2026-02-21 | ||
| 952 | |a SNK |b SNK |y PREZ |7 0 |p 17A0379746 |o snkČSC 1044/36/1986 D1 |i snkKSP 9154/88 |0 0 |1 0 |4 0 |d 2003-04-03 |l 0 |r 2004-12-31 00:00:00 |w 2026-02-21 | ||
| 952 | |a SNK |b SNK |y NEVYP |7 0 |o snkC 60 |i snk101/980121 |0 0 |1 0 |4 0 |d 1998-01-20 |l 0 |r 2005-01-02 00:00:00 |w 2026-02-21 | ||
| 952 | |a SNK |b SNK |y PREZ |7 0 |p 17A0116789 |o snkČSC 1044/46/1997 |i snkKSP 514/98 |f 1 |0 0 |1 0 |4 0 |d 1998-01-20 |l 0 |r 2005-01-02 00:00:00 |w 2026-02-21 | ||
| 952 | |a SNK |b SNK |y PREZ |7 0 |p 17A0119261 |o snkČSC 1044/15/1963 |i snkKSP 578/65 |f 1 |0 0 |1 0 |4 0 |d 1998-01-20 |l 0 |r 2005-01-02 00:00:00 |w 2026-02-21 | ||
| 952 | |a SNK |b SNK |y PREZ |7 0 |p 17A0600469 |o snkČSC 1044/64/2008 |i snk2008/21492 |8 0 |z Variantný názov: Ruská literatúra v súčasnej literárnovednej reflexii |f 1 |0 0 |1 0 |4 0 |d 2008-11-06 |l 0 |r 2026-02-21 20:49:57 |w 2026-02-21 | ||
| 952 | |a SNK |b SNK |y PREZ |7 0 |p 17A0600470 |o snkČSC 1044/64/2008 D1 |i snk2008/21493 |8 0 |z Variantný názov: Ruská literatúra v súčasnej literárnovednej reflexii |0 0 |1 0 |4 0 |d 2008-11-06 |l 0 |r 2026-02-21 20:49:57 |w 2026-02-21 | ||
| 952 | |a SNK |b SNK |y PREZ |7 0 |p 17A0672939 |o snkČSC 1044/65/2010 |i snk2012/14912 |8 0 |f 1 |0 0 |1 0 |4 0 |d 2012-07-27 |l 0 |r 2026-02-21 20:50:09 |w 2026-02-21 | ||
| 952 | |a SNK |b SNK |y PREZ |7 0 |p 17A0866262 |o snkČSC 1044/65/2010 D1 |i snk2012/14913 |8 0 |0 0 |1 0 |4 0 |d 2012-07-27 |l 0 |r 2026-02-21 20:50:09 |w 2026-02-21 | ||
| 952 | |a SNK |b SNK |y PREZ |7 0 |p 17A0672940 |o snkČSC 1044/66/2010 |i snk2012/14914 |8 0 |z Variantný názov: Lingua academica |f 1 |0 0 |1 0 |4 0 |d 2012-07-27 |l 0 |r 2026-02-21 20:50:09 |w 2026-02-21 | ||
| 952 | |a SNK |b SNK |y PREZ |7 0 |p 17A0672941 |o snkČSC 1044/66/2010 D1 |i snk2012/14915 |8 0 |z Variantný názov: Lingua academica |0 0 |1 0 |4 0 |d 2012-07-27 |l 0 |r 2026-02-21 20:50:09 |w 2026-02-21 | ||
| 952 | |a SNK |b SNK |y PREZ |7 0 |p 17A0871079 |o snkČSC 1044/70/2014 |i snk2015/1089 |8 0 |z Variantný názov: Lingua academica |f 1 |0 0 |1 0 |4 0 |d 2015-01-15 |l 0 |r 2026-02-21 20:51:57 |w 2026-02-21 | ||
| 952 | |a SNK |b SNK |y PREZ |7 0 |p 17A0871080 |o snkČSC 1044/70/2014 D1 |i snk2015/1090 |8 0 |z Variantný názov: Lingua academica |0 0 |1 0 |4 0 |d 2015-01-15 |l 0 |r 2026-02-21 20:51:57 |w 2026-02-21 | ||
| 952 | |a SNK |b SNK |y PREZ |7 0 |p 17A0871081 |o snkČSC 1044/71/2013 |i snk2015/1095 |8 0 |f 1 |0 0 |1 0 |4 0 |d 2015-01-15 |l 0 |r 2026-02-21 20:51:57 |w 2026-02-21 | ||
| 952 | |a SNK |b SNK |y PREZ |7 0 |p 17A0871082 |o snkČSC 1044/71/2013 D1 |i snk2015/1109 |8 0 |0 0 |1 0 |4 0 |d 2015-01-15 |l 0 |r 2026-02-21 20:51:57 |w 2026-02-21 | ||
| 952 | |a SNK |b SNK |y PREZ |7 0 |p 17A0871083 |o snkČSC 1044/72/2013 |i snk2015/1151 |8 0 |z Variantný názov: Slovo a tvar v štruktúre a v komunikácii |f 1 |0 0 |1 0 |4 0 |d 2015-01-15 |l 0 |r 2026-02-21 20:51:57 |w 2026-02-21 | ||
| 952 | |a SNK |b SNK |y PREZ |7 0 |p 17A0871084 |o snkČSC 1044/72/2013 D1 |i snk2015/1154 |8 0 |z Variantný názov: Slovo a tvar v štruktúre a v komunikácii |0 0 |1 0 |4 0 |d 2015-01-15 |l 0 |r 2026-02-21 20:51:57 |w 2026-02-21 | ||
| 952 | |a SNK |b SNK |y PREZ |7 0 |p 17A1046011 |o snkČSC 1044/73/2014 |i snk2015/29393 |8 0 |f 1 |0 0 |1 0 |4 0 |d 2015-10-22 |l 0 |r 2026-02-21 20:53:00 |w 2026-02-21 | ||
| 952 | |a SNK |b SNK |y PREZ |7 0 |p 17A1046012 |o snkČSC 1044/73/2014 D1 |i snk2015/29394 |8 0 |0 0 |1 0 |4 0 |d 2015-10-22 |l 0 |r 2026-02-21 20:53:00 |w 2026-02-21 | ||
| 952 | |a SNK |b SNK |y PREZ |7 0 |p 17A0305802 |o snkČSC 1044/51/2000 |i snkKSP 7422/2001 |f 1 |0 0 |1 0 |4 0 |d 2001-06-15 |l 0 |r 2005-01-02 00:00:00 |w 2026-02-21 | ||
| 952 | |a SNK |b SNK |y PREZ |7 0 |p 17A0305803 |o snkČSC 1044/51/2000 D1 |i snkKSP 7423/2001 |0 0 |1 0 |4 0 |d 2001-06-15 |l 0 |r 2005-01-02 00:00:00 |w 2026-02-21 | ||
| 952 | |t č. 64-71 |a SNK |b SNK |y PREZ |7 0 |p 17A0311227 |o snkČSC 1044/9/1957 |i snkK 1965/1967 |8 3 |f 1 |0 0 |1 0 |4 0 |d 2001-08-16 |l 0 |r 2005-01-02 00:00:00 |w 2026-02-21 | ||
| 952 | |a SNK |b SNK |y PREZ |7 0 |p 17A0311217 |o snkČSC 1044/10/1958 |i snkF 3888/68 |8 5 |f 1 |0 0 |1 0 |4 0 |d 2001-08-16 |l 0 |r 2005-01-02 00:00:00 |w 2026-02-21 | ||
| 952 | |a SNK |b SNK |y PREZ |7 0 |p 17A0386235 |o snkČSC 1044/16/1964 D1 |i snkKSP 586/66 |0 0 |1 0 |4 0 |d 2003-06-02 |l 0 |r 2005-01-02 00:00:00 |w 2026-02-21 | ||
| 952 | |a SNK |b SNK |y PREZ |7 0 |p 17A0407335 |o snkČSC 1044/33/1982 |i snkKSP 2232/86 |f 1 |0 0 |1 0 |4 0 |d 2004-01-02 |l 0 |r 2005-01-02 00:00:00 |w 2026-02-21 | ||
| 952 | |a SNK |b SNK |y PREZ |7 0 |p 17A0311215 |o snkČSC 1044/11-12/1959-60 |i snkKSP 1669/63 |f 1 |0 0 |1 0 |4 0 |d 2001-08-16 |l 0 |r 2005-01-02 00:00:00 |w 2026-02-21 | ||
| 952 | |a SNK |b SNK |y PREZ |7 0 |p 17A0362706 |o snkČSC 1044/11-12/1959-60 D1 |0 0 |1 0 |4 0 |d 2002-11-04 |l 0 |r 2005-01-02 00:00:00 |w 2026-02-21 | ||
| 952 | |a SNK |b SNK |y PREZ |7 0 |p 17A0311219 |o snkČSC 1044/13/1961 |i snkKSP 3406/63 |f 1 |0 0 |1 0 |4 0 |d 2001-08-16 |l 0 |r 2005-01-02 00:00:00 |w 2026-02-21 | ||
| 952 | |a SNK |b SNK |y PREZ |7 0 |p 17A0311213 |o snkČSC 1044/18/1966 |i snkKSP 1132/69 |f 1 |0 0 |1 0 |4 0 |d 2001-08-16 |l 0 |r 2005-01-02 00:00:00 |w 2026-02-21 | ||
| 952 | |a SNK |b SNK |y PREZ |7 0 |p 17A0436925 |o snkČSC 1044/19/1967 D1 |i snkKSP 5976/68 |0 0 |1 0 |4 0 |d 2004-07-28 |l 0 |r 2005-01-02 00:00:00 |w 2026-02-21 | ||
| 952 | |a SNK |b SNK |y PREZ |7 0 |p 17A0311216 |o snkČSC 1044/20/1968 |i snkKSP 5740/70 |f 1 |0 0 |1 0 |4 0 |d 2001-08-16 |l 0 |r 2005-01-02 00:00:00 |w 2026-02-21 | ||
| 952 | |a SNK |b SNK |y PREZ |7 0 |p 17A0402904 |o snkČSC 1044/27/1975 D1 |i snkKSP 6704/79 |0 0 |1 0 |4 0 |d 2003-11-13 |l 0 |r 2005-01-02 00:00:00 |w 2026-02-21 | ||
| 952 | |a SNK |b SNK |y PREZ |7 0 |p 17A0492549 |o snkČSC 1044/20/1968 D1 |i snkKSP 5741/70 |0 0 |1 0 |4 0 |d 2005-12-09 |l 0 |r 2026-02-21 20:58:05 |w 2026-02-21 | ||
| 952 | |a SNK |b SNK |y PREZ |7 0 |p 17A0492553 |o snkČSC 1044/22/1970 D1 |i snkKSP 6639/73 |0 0 |1 0 |4 0 |d 2005-12-09 |l 0 |r 2026-02-21 20:58:36 |w 2026-02-21 | ||
| 952 | |a SNK |b SNK |y PREZ |7 0 |p 17A0416170 |o snkČSC 1044/54/2001 |i snkPV 345/2004 |z Variantný názov: Studia romanistica |f 1 |0 0 |1 0 |4 0 |d 2004-04-05 |l 0 |r 2005-01-02 00:00:00 |w 2026-02-21 | ||
| 952 | |a SNK |b SNK |y PREZ |7 0 |p 17A0416171 |o snkČSC 1044/54/2001 D1 |i snkPV 346/2004 |z Variantný názov: Studia romanistica |0 0 |1 0 |4 0 |d 2004-04-05 |l 0 |r 2005-01-02 00:00:00 |w 2026-02-21 | ||
| 952 | |a SNK |b SNK |y PREZ |7 0 |p 17A0416172 |o snkČSC 1044/55/2002 |i snkPV 347/2004 |f 1 |0 0 |1 0 |4 0 |d 2004-04-05 |l 0 |r 2005-01-02 00:00:00 |w 2026-02-21 | ||
| 952 | |a SNK |b SNK |y PREZ |7 0 |p 17A0416173 |o snkČSC 1044/55/2002 D1 |i snkPV 348/2004 |0 0 |1 0 |4 0 |d 2004-04-05 |l 0 |r 2005-01-02 00:00:00 |w 2026-02-21 | ||
| 952 | |a SNK |b SNK |y PREZ |7 0 |p 17A0416174 |o snkČSC 1044/56/2003 |i snkPV 349/2004 |f 1 |0 0 |1 0 |4 0 |d 2004-04-05 |l 0 |r 2005-01-02 00:00:00 |w 2026-02-21 | ||
| 952 | |a SNK |b SNK |y PREZ |7 0 |p 17A0416175 |o snkČSC 1044/56/2003 D1 |i snkPV 350/2004 |0 0 |1 0 |4 0 |d 2004-04-05 |l 0 |r 2005-01-02 00:00:00 |w 2026-02-21 | ||
| 952 | |a SNK |b SNK |y PREZ |7 0 |p 17A0416176 |o snkČSC 1044/58/2003 |i snkPV 351/2004 |f 1 |0 0 |1 0 |4 0 |d 2004-04-05 |l 0 |r 2005-01-02 00:00:00 |w 2026-02-21 | ||
| 952 | |a SNK |b SNK |y PREZ |7 0 |p 17A0416177 |o snkČSC 1044/58/2003 D1 |i snkPV 352/2004 |0 0 |1 0 |4 0 |d 2004-04-05 |l 0 |r 2005-01-02 00:00:00 |w 2026-02-21 | ||
| 952 | |a SNK |b SNK |y PREZ |7 0 |p 17A0416437 |o snkČSC 1044/57/2003 |i snkPV 646/2004 |z Variantný názov: Tradície a perspektívy rusistiky |f 1 |0 0 |1 0 |4 0 |d 2004-05-11 |l 0 |r 2005-01-02 00:00:00 |w 2026-02-21 | ||
| 952 | |a SNK |b SNK |y PREZ |7 0 |p 17A0416438 |o snkČSC 1044/57/2003 D1 |i snkPV 647/2004 |z Variantný názov: Tradície a perspektívy rusistiky |0 0 |1 0 |4 0 |d 2004-05-11 |l 0 |r 2005-01-02 00:00:00 |w 2026-02-21 | ||
| 952 | |a SNK |b SNK |y PREZ |7 0 |p 17A0585864 |o snkČSC 1044/38/1988 |i snkKSP 3439/91 |f 1 |0 0 |1 0 |4 0 |d 2008-04-09 |l 0 |r 2026-02-21 21:01:15 |w 2026-02-21 | ||
| 952 | |a SNK |b SNK |y PREZ |7 0 |p 17A0143296 |o snkČSC 1044/23-24/1971-72 |0 0 |1 0 |4 0 |d 1998-06-17 |l 0 |r 2005-01-02 00:00:00 |w 2026-02-21 | ||
| 952 | |a SNK |b SNK |y PREZ |7 0 |p 17A0148594 |o snkČSC 1044/23-24/1971-72 D1 |0 0 |1 0 |4 0 |d 1998-07-09 |l 0 |r 2005-01-02 00:00:00 |w 2026-02-21 | ||
| 952 | |a SNK |b SNK |y PREZ |7 0 |p 17A0320899 |o snkČSC 1044/52/2001 |i snkKSP 12591/2001 |z Variantný názov: Biblické žalmy a sakrálne texty v prekladateľských, literárnych a kultúrnych súvislostiach |f 1 |0 0 |1 0 |4 0 |d 2001-11-07 |l 0 |r 2005-01-02 00:00:00 |w 2026-02-21 | ||
| 952 | |a SNK |b SNK |y PREZ |7 0 |p 17A0582915 |o snkČSC 1044/62/2007 |i snk2008/10569 |8 0 |z Variantný názov: Studia romanistica |f 1 |0 0 |1 0 |4 0 |d 2008-05-15 |l 0 |r 2026-02-21 21:12:20 |w 2026-02-21 | ||
| 952 | |a SNK |b SNK |y PREZ |7 0 |p 17A0582916 |o snkČSC 1044/62/2007 D1 |i snk2008/10571 |8 0 |z Variantný názov: Studia romanistica |0 0 |1 0 |4 0 |d 2008-05-15 |l 0 |r 2026-02-21 21:12:21 |w 2026-02-21 | ||
| 952 | |a SNK |b SNK |y PREZ |7 0 |p 17A0582918 |o snkČSC 1044/63/2007 D1 |i snk2008/10573 |8 0 |z Variantný názov: Studia romanistica |0 0 |1 0 |4 0 |d 2008-05-15 |l 0 |r 2026-02-21 21:12:21 |w 2026-02-21 | ||
| 952 | |a SNK |b SNK |y PREZ |7 0 |p 17A0011806 |o snkČSC 1044/42/1995 |i snkKSP 7900/96 |f 1 |0 0 |1 0 |4 0 |d 1996-09-27 |l 0 |r 2005-01-01 00:00:00 |w 2026-02-21 | ||
| 952 | |a SNK |b SNK |y PREZ |7 0 |p 17A0011807 |o snkČSC 1044/42/1995 D1 |i snkKSP 7901/96 |0 0 |1 0 |4 0 |d 1996-09-27 |l 0 |r 2005-01-01 00:00:00 |w 2026-02-21 | ||
| 952 | |a SNK |b SNK |y PREZ |7 0 |p 17A0011812 |o snkČSC 1044/44/1995 |i snkKSP 7910/96 |z Variantný názov: Rossica Slovaca III |f 1 |0 0 |1 0 |4 0 |d 1996-09-27 |l 0 |r 2005-01-01 00:00:00 |w 2026-02-21 | ||
| 952 | |a SNK |b SNK |y PREZ |7 0 |p 17A0011814 |o snkČSC 1044/44/1995 D1 |i snkKSP 7911/96 |z Variantný názov: Rossica Slovaca III |0 0 |1 0 |4 0 |d 1996-09-27 |l 0 |r 2005-01-01 00:00:00 |w 2026-02-21 | ||
| 952 | |a SNK |b SNK |y NEVYP |7 0 |o snkC 2097 |i snk3782/961104 |0 0 |1 0 |4 0 |d 1996-10-31 |l 0 |r 2005-01-01 00:00:00 |w 2026-02-21 | ||
| 952 | |a SNK |b SNK |y PREZ |7 0 |p 17A0039681 |o snkČSC 1044/43/1996 |i snkKSP 9374/96 |f 1 |0 0 |1 0 |4 0 |d 1996-10-31 |l 0 |r 2005-01-01 00:00:00 |w 2026-02-21 | ||
| 952 | |a SNK |b SNK |y PREZ |7 0 |p 17A0016645 |o snkČSC 1044/43/1996 D1 |i snkKSP 9375/96 |0 0 |1 0 |4 0 |d 1996-10-31 |l 0 |r 2005-01-01 00:00:00 |w 2026-02-21 | ||
| 952 | |a SNK |b SNK |y PREZ |7 0 |p 17A0166038 |o snkČSC 1044/16/1964 |i snkKSP 585/66 |f 1 |0 0 |1 0 |4 0 |d 1998-10-28 |l 0 |r 2005-01-02 00:00:00 |w 2026-02-21 | ||
| 952 | |a SNK |b SNK |y PREZ |7 0 |p 17A0311201 |o snkČSC 1044/16-A/1964 |i snkKSP 2794/66 |f 1 |0 0 |1 0 |4 0 |d 2001-08-16 |l 0 |r 2005-01-02 00:00:00 |w 2026-02-21 | ||
| 952 | |a SNK |b SNK |y PREZ |7 0 |p 17A0364966 |o snkČSC 1044/16-A/1964 D1 |0 0 |1 0 |4 0 |d 2002-11-18 |l 0 |r 2005-01-02 00:00:00 |w 2026-02-21 | ||
| 952 | |a SNK |b SNK |y PREZ |7 0 |p 17A0167896 |o snkČSC 1044/14/1962 |i snkKSP 2321/63 |f 1 |0 0 |1 0 |4 0 |d 1998-10-29 |l 0 |r 2005-01-02 00:00:00 |w 2026-02-21 | ||
| 952 | |a SNK |b SNK |y PREZ |7 0 |p 17A0477244 |o snkČSC 1044/59/2005 |i snk2005/13022 |8 0 |z Variantný názov: Studia romanistica |f 1 |0 0 |1 0 |4 0 |d 2005-07-25 |l 0 |r 2026-02-21 21:22:01 |w 2026-02-21 | ||
| 952 | |a SNK |b SNK |y PREZ |7 0 |p 17A0446412 |o snkČSC 1044/60/2004 |i snk2005/13076 |8 0 |z Variantný názov: Eighty years of English studies at the Faculty of arts |f 1 |0 0 |1 0 |4 0 |d 2005-07-26 |l 0 |r 2026-02-21 21:22:05 |w 2026-02-21 | ||
| 952 | |a SNK |b SNK |y PREZ |7 0 |p 17A0446413 |o snkČSC 1044/60/2004 D1 |i snk2005/13080 |8 0 |z Variantný názov: Eighty years of English studies at the Faculty of arts |0 0 |1 0 |4 0 |d 2005-07-26 |l 0 |r 2026-02-21 21:22:05 |w 2026-02-21 | ||
| 952 | |a SNK |b SNK |y PREZ |7 0 |p 17A0866586 |o snkČSC 1044/69/2012 |i snk2013/2204 |8 0 |z Variantný názov: Lingua academica |f 1 |0 0 |1 0 |4 0 |d 2013-01-30 |l 0 |r 2026-02-21 21:23:40 |w 2026-02-21 | ||
| 952 | |a SNK |b SNK |y PREZ |7 0 |p 17A0866587 |o snkČSC 1044/69/2012 D1 |i snk2013/2205 |8 0 |z Variantný názov: Lingua academica |0 0 |1 0 |4 0 |d 2013-01-30 |l 0 |r 2026-02-21 21:23:40 |w 2026-02-21 | ||
| 952 | |a SNK |b SNK |y PREZ |7 0 |p 17A0193342 |o snkČSC 1044/45/1997 |i snkKSP 2761/99 |f 1 |0 0 |1 0 |4 0 |d 1999-03-15 |l 0 |r 2005-01-02 00:00:00 |w 2026-02-21 | ||
| 952 | |a SNK |b SNK |y PREZ |7 0 |p 17A0195104 |o snkČSC 1044/48/1997 |i snkKSP 2759/99 |f 1 |0 0 |1 0 |4 0 |d 1999-03-15 |l 0 |r 2005-01-02 00:00:00 |w 2026-02-21 | ||
| 952 | |a SNK |b SNK |y PREZ |7 0 |p 17A0185678 |o snkČSC 1044/48/1997 D1 |i snkKSP 2760/99 |0 0 |1 0 |4 0 |d 1999-03-15 |l 0 |r 2005-01-02 00:00:00 |w 2026-02-21 | ||
| 952 | |a SNK |b SNK |y PREZ |7 0 |p 17A0185788 |o snkČSC 1044/49/1998 |i snkKSP 2566/99 |f 1 |0 0 |1 0 |4 0 |d 1999-03-11 |l 0 |r 2005-01-02 00:00:00 |w 2026-02-21 | ||
| 952 | |a SNK |b SNK |y PREZ |7 0 |p 17A0185787 |o snkČSC 1044/49/1998 D1 |i snkKSP 2567/99 |0 0 |1 0 |4 0 |d 1999-03-11 |l 0 |r 2005-01-02 00:00:00 |w 2026-02-21 | ||
| 952 | |a SNK |b SNK |y PREZ |7 0 |p 17A0361142 |o snkČSC 1044/53/2001 |i snkKSP 12831/2002 |f 1 |0 0 |1 0 |4 0 |d 2002-10-23 |l 0 |r 2005-01-02 00:00:00 |w 2026-02-21 | ||
| 952 | |a SNK |b SNK |y PREZ |7 0 |p 17A0361143 |o snkČSC 1044/53/2001 D1 |i snkKSP 12832/2002 |0 0 |1 0 |4 0 |d 2002-10-23 |l 0 |r 2005-01-02 00:00:00 |w 2026-02-21 | ||
| 952 | |a SNK |b SNK |y PREZ |7 0 |p 17A0193414 |o snkČSC 1044/21/1969 |i snkKSP 1868/73 |f 1 |0 0 |1 0 |4 0 |d 1999-05-13 |l 0 |r 2005-01-02 00:00:00 |w 2026-02-21 | ||
| 952 | |a SNK |b SNK |y PREZ |7 0 |p 17A0193412 |o snkČSC 1044/22/1970 |i snkKSP 6638/73 |f 1 |0 0 |1 0 |4 0 |d 1999-05-13 |l 0 |r 2005-01-02 00:00:00 |w 2026-02-21 | ||
| 952 | |a SNK |b SNK |y PREZ |7 0 |p 17A1153914 |o snkČSC 1044/15/1963 D1 |i snkKSP 579/65 |0 0 |1 0 |4 0 |d 2018-04-17 |l 0 |r 2026-02-21 21:57:37 |w 2026-02-21 | ||
| 952 | |a SNK |b SNK |y PREZ |7 0 |p 17A1153913 |o snkČSC 1044/15/1963/pril. D1 |i snkKSP 579/65 |3 Príloha obsahuje: 7ks máp |0 0 |1 0 |4 0 |d 2018-04-17 |l 0 |r 2026-02-21 21:57:37 |w 2026-02-21 | ||
| 952 | |a SNK |b SNK |y PREZ |7 0 |p 17A1205310 |o snkČSC 1044/75/2016 |i snk2017/8151 |8 0 |z Variantný názov: Fenomén Ďurovič |f 1 |0 0 |1 0 |4 0 |d 2017-04-04 |l 0 |r 2026-02-21 22:04:16 |w 2026-02-21 | ||
| 952 | |a SNK |b SNK |y PREZ |7 0 |p 17A1205311 |o snkČSC 1044/75/2016 D1 |i snk2017/8152 |8 0 |z Variantný názov: Fenomén Ďurovič |0 0 |1 0 |4 0 |d 2017-04-04 |l 0 |r 2026-02-21 22:04:16 |w 2026-02-21 | ||
| 952 | |a SNK |b SNK |y PREZ |7 0 |p 17A1324880 |o snkČSC 1044/76/2017 |i snk2018/8887 |8 0 |z Variantný názov: Lingua academica 5: (zborník príspevkov učiteľov Katedry jazykov Filozofickej fakulty Univerzity Komenského v Bratislave a hostí) |f 1 |0 0 |1 0 |4 0 |d 2018-05-10 |l 0 |r 2026-02-21 22:05:25 |w 2026-02-21 | ||
| 952 | |a SNK |b SNK |y PREZ |7 0 |p 17A1324881 |o snkČSC 1044/76/2017 D1 |i snk2018/8891 |8 0 |z Variantný názov: Lingua academica 5: (zborník príspevkov učiteľov Katedry jazykov Filozofickej fakulty Univerzity Komenského v Bratislave a hostí) |0 0 |1 0 |4 0 |d 2018-05-10 |l 0 |r 2026-02-21 22:05:25 |w 2026-02-21 | ||
| 952 | |a SNK |b SNK |y PREZ |7 0 |p 17A1382651 |o snkČSC 1044/77/2018 |i snk2019/31177 |8 0 |f 1 |0 0 |1 0 |4 0 |d 2019-12-03 |l 0 |r 2026-02-21 22:15:30 |w 2026-02-21 | ||
| 952 | |a SNK |b SNK |y PREZ |7 0 |p 17A1383187 |o snkČSC 1044/77/2018 D1 |i snk2019/32336 |8 0 |0 0 |1 0 |4 0 |d 2019-12-17 |l 0 |r 2026-02-21 22:15:34 |w 2026-02-21 | ||
| 952 | |a SNK |b SNK |y PREZ |7 0 |p 17A1098851 |o snkČSC 1044/74/2015 |i snk2016/12453 |8 0 |z Variantný názov: Lingua academica |f 1 |0 0 |1 0 |4 0 |d 2016-05-13 |l 0 |r 2026-02-21 22:23:56 |w 2026-02-21 | ||
| 952 | |a SNK |b SNK |y PREZ |7 0 |p 17A1098852 |o snkČSC 1044/74/2015 D1 |i snk2016/12455 |8 0 |z Variantný názov: Lingua academica |0 0 |1 0 |4 0 |d 2016-05-13 |l 0 |r 2026-02-21 22:23:56 |w 2026-02-21 | ||
| 952 | |a SNK |b SNK |y PREZ |7 0 |p 17A1343194 |o snkČSC 1044/A/75/2016 |i snk2019/3429 |8 0 |z Variantný názov: Fenomén Ďurovič ; 2. doplnené vydanie vydané v r. 2018 |0 0 |1 0 |4 0 |d 2019-02-06 |l 0 |r 2026-02-21 22:28:06 |w 2026-02-21 | ||
| 952 | |a SNK |b SNK |y PREZ |7 0 |p 17A1343195 |o snkČSC 1044/A/75/2016 D1 |i snk2019/3430 |8 0 |z Variantný názov: Fenomén Ďurovič ; 2. doplnené vydanie vydané v r. 2018 |0 0 |1 0 |4 0 |d 2019-02-06 |l 0 |r 2026-02-21 22:28:06 |w 2026-02-21 | ||


